[Event "32e open international d'échecs d'Avoine"]
[Site "?"]
[Date "2017.07.22"]
[Round "9.1"]
[White "Feller, Sebastien"]
[Black "Colin, Vincent"]
[Result "1/2-1/2"]
[WhiteElo "2569"]
[BlackElo "2373"]
[PlyCount "31"]
[EventDate "2017.??.??"]

1. d4 Nf6 2. Nf3 g6 3. c4 Bg7 4. Nc3 O-O 5. e4 d6 6. Be2 Na6 7. O-O e5 8. Be3
c6 9. d5 Ng4 10. Bg5 f6 11. Bh4 c5 12. Ne1 h5 13. h3 Nh6 14. Nd3 Nf7 15. a3 Bh6
16. b4 1/2-1/2

[Event "32e open international d'échecs d'Avoine"]
[Site "?"]
[Date "2017.07.22"]
[Round "9.2"]
[White "Manea, Alexandru"]
[Black "Maiorov, Nikita"]
[Result "1/2-1/2"]
[WhiteElo "2414"]
[BlackElo "2531"]
[PlyCount "50"]
[EventDate "2017.??.??"]

1. d4 d5 2. c4 c6 3. cxd5 cxd5 4. Nc3 Nf6 5. Nf3 Nc6 6. Bf4 Bf5 7. e3 e6 8. Bd3
Bxd3 9. Qxd3 Bd6 10. Bxd6 Qxd6 11. O-O O-O 12. Rfc1 Rfc8 13. Nd2 Nd7 14. a3 h6
15. h3 Qe7 16. Qe2 Rab8 17. Rab1 Kh8 18. Kh1 Kg8 19. Kg1 Ra8 20. Ra1 Qf8 21.
Qf1 Qd6 22. Qd3 Rab8 23. Rab1 Qe7 24. Qe2 Ra8 25. Ra1 Rab8 1/2-1/2

[Event "32e open international d'échecs d'Avoine"]
[Site "?"]
[Date "2017.07.22"]
[Round "9.3"]
[White "Ortiz Suarez, Isan Reynaldo"]
[Black "Burri, Quentin"]
[Result "1-0"]
[WhiteElo "2565"]
[BlackElo "2397"]
[PlyCount "105"]
[EventDate "2017.??.??"]

1. Nf3 d5 2. g3 Nf6 3. Bg2 c6 4. c4 Bg4 5. Ne5 Bf5 6. cxd5 cxd5 7. Qa4+ Nbd7 8.
Nc3 e6 9. d3 Bd6 10. Bf4 b5 11. Qxb5 Rb8 12. Qa4 Rb4 13. Nc6 Rxa4 14. Nxd8 Ra6
15. Bxd6 Rxd6 16. Nb7 Rb6 17. Na5 Rxb2 18. Nb3 Rc2 19. Nxd5 Nxd5 20. Bxd5 exd5
21. Nd4 Rb2 22. Nxf5 g6 23. Nd4 O-O 24. O-O Rc8 25. Rfb1 Rcb8 26. Rxb2 Rxb2 27.
Kf1 Kg7 28. a4 a6 29. a5 Rb4 30. Nc6 Rb5 31. Ra4 Rc5 32. Nd4 Rc1+ 33. Kg2 Rb1
34. Nc6 Rb5 35. f4 Rc5 36. Nd4 Kf6 37. Kf3 Ke7 38. g4 Kd6 39. Ra1 Nb8 40. g5
Nc6 41. Nxc6 Kxc6 42. h4 Kd6 43. h5 Rb5 44. h6 Rc5 45. Rb1 Rxa5 46. Rb8 Rb5 47.
Rh8 Ke6 48. Rxh7 Rb8 49. e4 dxe4+ 50. dxe4 Rb1 51. Rh8 Ke7 52. Ra8 Ra1 53. h7
1-0

[Event "32e open international d'échecs d'Avoine"]
[Site "?"]
[Date "2017.07.22"]
[Round "9.4"]
[White "Tomasi, Albert"]
[Black "Shirazi, Kamran"]
[Result "1/2-1/2"]
[WhiteElo "2141"]
[BlackElo "2356"]
[PlyCount "98"]
[EventDate "2017.??.??"]

1. e4 g6 2. d4 Bg7 3. Nc3 d6 4. Be3 c6 5. h4 h6 6. Bc4 d5 7. exd5 b5 8. Bb3 b4
9. Nce2 cxd5 10. h5 g5 11. f4 gxf4 12. Nxf4 Nf6 13. Nf3 a5 14. a3 bxa3 15. Rxa3
Bg4 16. Qd3 e6 17. Ne5 Bf5 18. Qb5+ Nbd7 19. O-O O-O 20. Nc6 Qe8 21. Rxa5 Rxa5
22. Qxa5 Ng4 23. Qe1 Nc5 24. Bxd5 exd5 25. Nxd5 Bxc2 26. dxc5 Be4 27. Nce7+ Kh7
28. Rf4 f5 29. Rxe4 fxe4 30. Qb4 Nxe3 31. Qxe4+ Nf5 32. g4 Bxb2 33. gxf5 Bf6
34. c6 Qxh5 35. Ng6 Qg5+ 36. Kf2 Bd4+ 37. Ke2 Ra8 38. Qe7+ Qxe7+ 39. Ngxe7 Be5
40. c7 Bxc7 41. Nxc7 Ra7 42. Ncd5 Kg7 43. Kf3 Ra6 44. Kf4 h5 45. Kg5 h4 46. Nf4
h3 47. Nxh3 Ra5 48. Nf4 Rxf5+ 49. Nxf5+ Kf7 1/2-1/2

[Event "32e open international d'échecs d'Avoine"]
[Site "?"]
[Date "2017.07.22"]
[Round "9.5"]
[White "Braeuning, Rudolf Wilhelm"]
[Black "Bouget, Alexandre"]
[Result "0-1"]
[WhiteElo "2326"]
[BlackElo "2210"]
[PlyCount "84"]
[EventDate "2017.??.??"]

1. c4 e5 2. Nc3 Nc6 3. g3 Bc5 4. Bg2 a6 5. e3 d6 6. Nf3 Ba7 7. Rb1 Nge7 8. b4
O-O 9. O-O Bg4 10. b5 axb5 11. cxb5 Nb8 12. Qa4 Bf5 13. b6 cxb6 14. e4 Bg4 15.
Nb5 Na6 16. d4 Bb8 17. dxe5 dxe5 18. Rd1 Nc5 19. Qc2 Rxa2 20. Bb2 Qc8 21. Ra1
Rxa1 22. Rxa1 Qd7 23. Qc4 Rc8 24. Ne1 Be6 25. Qe2 Bb3 26. f3 Na4 27. Na3 b5 28.
Kh1 b4 29. Nb1 Qd1 30. Qxd1 Bxd1 31. Bh3 Rd8 32. Bc1 b5 33. Be3 b3 34. Bf1 b2
35. Ra2 Bb3 36. Ra3 Rd1 37. Rxb3 Rxb1 38. Rxb5 Nc6 39. Bd3 Rxe1+ 40. Bg1 Ba7
41. Kg2 Rxg1+ 42. Kh3 g6 0-1

[Event "32e open international d'échecs d'Avoine"]
[Site "?"]
[Date "2017.07.22"]
[Round "9.6"]
[White "Hernandez Moya, Yuleisy"]
[Black "Najart, David"]
[Result "1-0"]
[WhiteElo "2256"]
[BlackElo "2193"]
[PlyCount "92"]
[EventDate "2017.??.??"]

1. e4 c5 2. Nf3 d6 3. d4 cxd4 4. Nxd4 Nf6 5. Nc3 a6 6. Be2 e5 7. Nb3 Be7 8. O-O
O-O 9. Bf3 Be6 10. a4 h6 11. Re1 Nbd7 12. Nd2 Qb8 13. Nf1 Bd8 14. Ne3 Ba5 15.
Bd2 b6 16. Na2 Bxd2 17. Qxd2 Rd8 18. Nb4 Qc7 19. Ned5 Bxd5 20. exd5 Re8 21. Ra3
a5 22. Na2 e4 23. Be2 Ne5 24. Nc3 Nc4 25. Bxc4 Qxc4 26. Rb3 Rab8 27. Rd1 Kf8
28. h3 Qc5 29. Qe3 Nd7 30. Nb5 f5 31. Qg3 Ne5 32. Rc3 Qb4 33. Rc7 g5 34. h4 f4
35. Qh3 g4 36. Qh2 g3 37. Qh3 gxf2+ 38. Kxf2 e3+ 39. Kf1 e2+ 40. Kxe2 Ng4+ 41.
Kf1 h5 42. Qd3 Re4 43. Nd4 Rbe8 44. Ne6+ R8xe6 45. dxe6 Ne3+ 46. Kg1 Nxd1 1-0

[Event "32e open international d'échecs d'Avoine"]
[Site "?"]
[Date "2017.07.22"]
[Round "9.7"]
[White "Marcantoni, Herve"]
[Black "Midy, Robin"]
[Result "1-0"]
[WhiteElo "2231"]
[BlackElo "2143"]
[PlyCount "113"]
[EventDate "2017.??.??"]

1. e4 c5 2. Nf3 g6 3. d4 cxd4 4. Nxd4 Nc6 5. Nc3 Bg7 6. Nb3 Nf6 7. Be2 O-O 8.
O-O d6 9. Bg5 Be6 10. Kh1 Rc8 11. f4 Re8 12. f5 Bd7 13. Bd3 Ne5 14. Qe2 Bc6 15.
Rad1 Qc7 16. Qe1 h6 17. Bh4 g5 18. Bg3 Red8 19. Bxe5 dxe5 20. Qe2 b6 21. a4 Rd7
22. Ra1 Rcd8 23. a5 Qb8 24. axb6 axb6 25. Ra6 Rd6 26. Nb5 Bxb5 27. Bxb5 Qb7 28.
Ra4 Nd7 29. Bd3 Nc5 30. Nxc5 bxc5 31. b3 Ra8 32. Rxa8+ Qxa8 33. h3 Bf6 34. Bc4
Qf8 35. Qh5 Bg7 36. Bd5 Rd8 37. Rd1 Rc8 38. Bc4 Kh8 39. Bxf7 Bf6 40. Be6 Ra8
41. Rd5 Bg7 42. Rxc5 Qd8 43. Bd5 g4 44. hxg4 Ra6 45. Kh2 Qf8 46. Bc6 Qf6 47. g5
Qxg5 48. Qxg5 hxg5 49. g4 e6 50. Bb5 Rd6 51. fxe6 Rxe6 52. Rc8+ Kh7 53. Bd7 Rf6
54. Bf5+ Kh6 55. Rc7 Rd6 56. Kg3 Rd8 57. Rc6+ 1-0

[Event "32e open international d'échecs d'Avoine"]
[Site "?"]
[Date "2017.07.22"]
[Round "9.8"]
[White "Eugene, Floryan"]
[Black "Gatineau, Yovann"]
[Result "1/2-1/2"]
[WhiteElo "2193"]
[BlackElo "2215"]
[PlyCount "87"]
[EventDate "2017.??.??"]

1. e4 c5 2. Nf3 e6 3. d3 d5 4. Qe2 Ne7 5. g3 Nbc6 6. Bg2 g6 7. h4 Bg7 8. h5
gxh5 9. Rxh5 dxe4 10. Qxe4 Ng6 11. Rxc5 Qb6 12. Qc4 Bd7 13. Rb5 Qc7 14. Nc3 Rc8
15. Rh5 a6 16. Bh6 b5 17. Qc5 Bxh6 18. Rxh6 Qa5 19. a3 e5 20. b4 Nxb4 21. Qxb4
Qxb4 22. axb4 Rxc3 23. Kd2 Rc7 24. Ng5 f6 25. Ne4 O-O 26. Nc5 Kg7 27. Rah1 Rh8
28. Nxa6 Ra7 29. Nc5 Bf5 30. Be4 Bxe4 31. Nxe4 Ra6 32. Nc3 Rb6 33. Nd5 Rd6 34.
Ne3 Ne7 35. R6h4 Kg6 36. Rg4+ Kf7 37. Ra1 f5 38. Rh4 Kf6 39. Ra7 Ng6 40. Rh5 f4
41. Ng4+ Ke6 42. gxf4 exf4 43. Rg7 h6 44. c3 1/2-1/2

[Event "32e open international d'échecs d'Avoine"]
[Site "?"]
[Date "2017.07.22"]
[Round "9.9"]
[White "Haub, Thorsten Michael"]
[Black "Durand-Le Ludec, Brendan-Budok"]
[Result "1-0"]
[WhiteElo "2414"]
[BlackElo "2184"]
[PlyCount "234"]
[EventDate "2017.??.??"]

1. g3 e5 2. Bg2 d5 3. d3 Nf6 4. Nd2 Nc6 5. a3 a5 6. b3 d4 7. Ngf3 Nd5 8. O-O
Be6 9. Qe1 Be7 10. e4 Nb6 11. Nc4 Nd7 12. Bd2 a4 13. b4 b5 14. Nb2 O-O 15. c3
dxc3 16. Bxc3 Bf6 17. Qe3 Ndb8 18. Rfd1 Bb3 19. Rd2 Nd7 20. d4 exd4 21. Nxd4
Nxd4 22. Bxd4 Bxd4 23. Rxd4 Qe7 24. Qd3 Ne5 25. Qc3 Rac8 26. Rc1 Nc4 27. Nxc4
Bxc4 28. Bf1 c5 29. bxc5 Rxc5 30. Bxc4 Rxc4 31. Rxc4 bxc4 32. Qxc4 Qxa3 33. Rb1
g6 34. Kg2 Ra8 35. Rb4 Qa1 36. Qc6 Rd8 37. Rxa4 Qb2 38. Ra7 Qd4 39. Re7 Qd6 40.
Qb7 Rb8 41. Qa7 Rf8 42. Qd7 Qxd7 43. Rxd7 h5 44. h4 Ra8 45. Kf3 Ra2 46. Ke3 Rb2
47. f3 Rg2 48. Kf4 Rf2 49. e5 Rf1 50. Ra7 Rf2 51. Ra3 Kg7 52. Ke4 Rg2 53. f4
Rb2 54. Kd4 Rd2+ 55. Rd3 Ra2 56. Kd5 Ra5+ 57. Kd6 Ra6+ 58. Ke7 Re6+ 59. Kd7 Ra6
60. Rd6 Ra7+ 61. Ke8 Ra8+ 62. Ke7 Ra7+ 63. Rd7 Ra6 64. Rc7 Re6+ 65. Kd7 Ra6 66.
Rb7 Kf8 67. Rb3 Kg7 68. Rf3 Ra7+ 69. Kc6 Ra5 70. Kd6 Ra6+ 71. Kc5 Ra5+ 72. Kb4
Rd5 73. Kc4 Ra5 74. Rb3 Kg8 75. Kd4 Ra1 76. Ke3 Rg1 77. Kf2 Ra1 78. Rf3 Ra2+
79. Kg1 Ra1+ 80. Kg2 Re1 81. Rf2 Kg7 82. Ra2 Re3 83. Kh3 Rb3 84. Ra6 Re3 85.
Kg2 Re2+ 86. Kf3 Rb2 87. f5 Rb3+ 88. Kg2 Rb2+ 89. Kf3 Rb3+ 90. Ke4 Rb4+ 91. Kd5
gxf5 92. Rf6 Rb5+ 93. Kd4 Rb4+ 94. Kc5 Rg4 95. Kd6 Ra4 96. Rxf5 Ra6+ 97. Kd5
Rg6 98. Rf3 Rg4 99. Kc5 Kg6 100. Kd6 Ra4 101. Rf6+ Kg7 102. Rf5 Ra6+ 103. Kc5
Ra3 104. Rg5+ Kf8 105. Kd5 Ke7 106. Ke4 Ra4+ 107. Kf3 Ra1 108. Rxh5 Ke6 109.
Rg5 Ra3+ 110. Kg4 Ra4+ 111. Kh5 Ke7 112. Kh6 Kf8 113. h5 Ra6+ 114. Kh7 Ra7 115.
Rf5 Ra6 116. g4 Ra4 117. g5 Ke7 1-0

[Event "Open d'Avoine 2017"]
[Site "Avoine"]
[Date "2017.07.22"]
[Round "9.11"]
[White "Deslandes, Pascal"]
[Black "Rubino, William"]
[Result "1-0"]
[WhiteElo "2356"]
[BlackElo "2136"]
[PlyCount "53"]
[EventDate "2017.??.??"]

1. e4 c5 2. c3 Nf6 3. e5 Nd5 4. d4 cxd4 5. cxd4 d6 6. Nf3 Nc6 7. Bc4 dxe5 8.
dxe5 Ndb4 9. Qb3 e6 10. O-O Na5 11. Bb5+ Bd7 12. Qa4 Nac6 13. Bg5 f6 14. exf6
gxf6 15. a3 Nd5 16. Bd2 a6 17. Be2 Bg7 18. Nc3 Nxc3 19. Bxc3 O-O 20. Rad1 Qe7
21. Bb4 Ne5 22. Qa5 Qd8 23. Qxd8 Rfxd8 24. Nxe5 fxe5 25. Be7 Bb5 26. Rxd8+ Rxd8
27. Bxb5 1-0

[Event "Open d'Avoine 2017"]
[Site "Avoine"]
[Date "2017.07.22"]
[Round "9.12"]
[White "Lejarre, Ludovic"]
[Black "Degardin, Sylvain"]
[Result "1-0"]
[WhiteElo "2335"]
[BlackElo "2149"]
[PlyCount "79"]
[EventDate "2017.??.??"]

1. e4 e5 2. Nf3 Nc6 3. Nc3 Nf6 4. a3 d5 5. exd5 Nxd5 6. Bb5 Nxc3 7. bxc3 Bd6 8.
d4 exd4 9. cxd4 O-O 10. O-O Bg4 11. c3 Qf6 12. Bd3 Bxf3 13. Qxf3 Qxf3 14. gxf3
Ne7 15. Be4 Rab8 16. a4 a5 17. Rb1 b6 18. Bd2 Ng6 19. Rb5 Nf4 20. Re1 Rbe8 21.
Be3 Kh8 22. c4 Bb4 23. Bxf4 Bxe1 24. Bxc7 Rc8 25. Bd6 Rfd8 26. c5 bxc5 27. dxc5
Bb4 28. Bb7 Kg8 29. Bxc8 Rxc8 30. Kf1 Re8 31. Bc7 Rc8 32. Bd6 Re8 33. Bf4 Rc8
34. Be3 Kf8 35. Ke2 Ke8 36. Kd3 Kd7 37. Kc4 h6 38. Kd5 g5 39. Rb6 h5 40. c6+
1-0

[Event "Open d'Avoine 2017"]
[Site "Avoine"]
[Date "2017.07.22"]
[Round "9.13"]
[White "Vallet, Marc"]
[Black "Heurtebize, Olivier"]
[Result "1-0"]
[WhiteElo "2190"]
[BlackElo "2271"]
[PlyCount "81"]
[EventDate "2017.??.??"]

1. e4 c5 2. Nf3 e6 3. d3 Nc6 4. g3 b5 5. Bg2 Rb8 6. O-O d6 7. c3 Nf6 8. Re1 e5
9. h3 Be7 10. d4 O-O 11. Bg5 h6 12. Bxf6 Bxf6 13. d5 Ne7 14. b4 Bd7 15. Nbd2
Qb6 16. Nb3 g6 17. Na5 Bg7 18. Qe2 f5 19. Nd2 Kh8 20. a4 bxa4 21. Ndc4 Qc7 22.
Rab1 Bb5 23. Rec1 Rfc8 24. Qd1 Qd8 25. Kh2 Ng8 26. exf5 gxf5 27. Qh5 Ne7 28.
Qf7 a3 29. Qe6 a2 30. Ra1 cxb4 31. cxb4 Be8 32. Rxa2 Rb6 33. Nc6 Nxc6 34. Nxb6
axb6 35. dxc6 Rc7 36. Bd5 Kh7 37. Qg8+ Kg6 38. Rca1 Rc8 39. b5 e4 40. Qe6+ Kh7
41. Qxc8 1-0

[Event "Open d'Avoine 2017"]
[Site "Avoine"]
[Date "2017.07.22"]
[Round "9.14"]
[White "Sim, Sylvain"]
[Black "Cau, Benjamin"]
[Result "0-1"]
[WhiteElo "2254"]
[BlackElo "2098"]
[PlyCount "80"]
[EventDate "2017.??.??"]

1. e4 c6 2. d4 d5 3. e5 Bf5 4. h4 h5 5. Bd3 Bxd3 6. Qxd3 e6 7. Bg5 Qb6 8. Nd2
Ne7 9. Ne2 Nf5 10. O-O Nd7 11. c4 Qa6 12. Ng3 g6 13. Nxf5 gxf5 14. Qc3 dxc4 15.
Nxc4 Nb6 16. b3 Nd5 17. Qe1 Qb5 18. Qe2 Qb4 19. Rfc1 a5 20. a4 Kd7 21. Bd2 Qe7
22. Nxa5 Qxh4 23. Nxb7 Qxd4 24. Rxc6 Qxa1+ 25. Rc1 Qd4 26. Qb5+ Ke7 27. Rc7+
Nxc7 28. Bb4+ Qxb4 29. Qxb4+ Kd7 30. Nd6 Be7 31. Qd4 Bxd6 32. Qxd6+ Kc8 33. Qe7
Rd8 34. Qxf7 Rb8 35. Qxh5 Rxb3 36. Qh4 Rb2 37. a5 Rdd2 38. Qe7 Rxf2 39. a6
Rxg2+ 40. Kh1 Rgd2 0-1

[Event "Open d'Avoine 2017"]
[Site "Avoine"]
[Date "2017.07.22"]
[Round "9.15"]
[White "Gvanceladze, Anna"]
[Black "Rivalin, Kenny"]
[Result "0-1"]
[WhiteElo "2244"]
[BlackElo "2074"]
[PlyCount "80"]
[EventDate "2017.??.??"]

1. e4 c5 2. Nf3 d6 3. Bb5+ Nd7 4. O-O a6 5. Bd3 Ngf6 6. c3 b5 7. Bc2 Bb7 8. Re1
c4 9. b3 e6 10. bxc4 bxc4 11. Na3 Rc8 12. Rb1 Ba8 13. Qe2 Qc7 14. Nd4 Be7 15.
d3 cxd3 16. Bxd3 Nc5 17. Bxa6 Nxa6 18. Qxa6 Bxe4 19. Rb3 O-O 20. Qe2 Bd5 21.
Ndb5 Qa5 22. Rb4 Bc6 23. Rh4 Rb8 24. c4 d5 25. Nd4 Rfc8 26. Nab5 dxc4 27. Bd2
Qxa2 28. Nc3 Qa3 29. Nxe6 fxe6 30. Qxe6+ Kf8 31. Qxc4 Qc5 32. Qe2 Re8 33. Rc4
Bb5 34. Nxb5 Qxb5 35. Rec1 Ba3 36. Qd1 Bxc1 37. Bb4+ Kg8 38. Qxc1 Qf5 39. Rf4
Qd3 40. h3 Re4 0-1

[Event "Open d'Avoine 2017"]
[Site "Avoine"]
[Date "2017.07.22"]
[Round "9.16"]
[White "Caloone, Thomas"]
[Black "Ravot, Sylvain"]
[Result "1/2-1/2"]
[WhiteElo "2162"]
[BlackElo "2241"]
[PlyCount "55"]
[EventDate "2017.??.??"]

1. e4 {[%emt 0:00:00]} c5 {[%emt 0:00:00]} 2. Nf3 Nc6 3. d4 cxd4 4. Nxd4 e5 5.
Nb5 d6 6. N1c3 a6 7. Na3 Be7 8. Nd5 Nf6 9. Nxf6+ Bxf6 10. Bc4 O-O 11. c3 Bg5
12. O-O Bxc1 13. Qxc1 Qc7 14. Qd2 Rb8 15. Rad1 Rd8 16. Rfe1 b5 17. Bb3 Na5 18.
Bd5 Bg4 19. f3 Be6 20. Kh1 Bxd5 21. Qxd5 {(=)} Nc4 22. Nxc4 bxc4 23. Re2 Rb5
24. Qd2 Qb7 25. h3 h6 26. Qc2 Rb6 27. Qa4 Qc6 28. Qxc6 1/2-1/2

[Event "Open d'Avoine 2017"]
[Site "Avoine"]
[Date "2017.07.22"]
[Round "9.17"]
[White "Goettelmann, Guillaume"]
[Black "Malassagne, Raphael"]
[Result "1/2-1/2"]
[WhiteElo "2136"]
[BlackElo "2230"]
[PlyCount "86"]
[EventDate "2017.??.??"]

1. d4 Nf6 2. c4 c6 3. Nf3 d5 4. Nc3 a6 5. c5 Nbd7 6. Bf4 g6 7. e3 Bg7 8. Bd3
O-O 9. O-O Ne8 10. b4 Nc7 11. Qb3 Re8 12. Rfe1 e5 13. Nxe5 Nxe5 14. Bxe5 Bxe5
15. dxe5 Rxe5 16. e4 d4 17. Ne2 a5 18. a3 Ne6 19. f4 Rh5 20. g3 {(=)} b6 21.
cxb6 Qxb6 22. Rac1 Nc5 23. Qc4 Nxd3 24. Qxd3 axb4 25. axb4 Ra2 26. Ra1 Qxb4 27.
Qxd4 Qxd4+ 28. Nxd4 Raxh2 29. Nxc6 Bb7 30. Ne7+ Kf8 31. Nd5 Bxd5 32. exd5 Rd2
33. Ra8+ Kg7 34. Rd8 Rh3 35. Re3 h5 36. Rd7 h4 37. Ree7 Rxg3+ 38. Kh1 Rd1+ 39.
Kh2 Rd2+ 40. Kh1 Kh6 41. Rxf7 Kh5 42. Rfe7 Kg4 43. d6 Kh3 1/2-1/2

[Event "Open d'Avoine 2017"]
[Site "Avoine"]
[Date "2017.07.22"]
[Round "9.18"]
[White "Viel, Simon"]
[Black "Podvin, Antoine"]
[Result "1-0"]
[WhiteElo "2230"]
[BlackElo "2048"]
[PlyCount "85"]
[EventDate "2017.??.??"]

1. e4 d5 2. exd5 Nf6 3. d4 Bg4 4. Bb5+ Nbd7 5. f3 Bf5 6. Nc3 a6 7. Ba4 b5 8.
Bb3 Nb6 9. Nge2 Nbxd5 10. Nxd5 Nxd5 11. O-O g6 12. Ng3 Bc8 13. f4 Bg7 14. f5
O-O 15. c3 Bb7 16. Qf3 Rb8 17. Kh1 e6 18. fxe6 fxe6 19. Qg4 Rxf1+ 20. Nxf1 Qd6
21. Ng3 Rf8 22. Bg5 Qc6 23. Ne4 h6 24. Bd2 Kh7 25. Qh3 Rf5 26. Bc2 Nf4 27. Qh4
Bf6 28. Qg4 e5 29. Re1 Bg7 30. h3 Nh5 31. Nc5 Rf2 32. Be4 Rxd2 33. Bxc6 Bxc6
34. Ne4 Rxb2 35. dxe5 Bxe5 36. Qe6 Bxe4 37. Qxe5 Bxg2+ 38. Kg1 c6 39. Qc7+ Ng7
40. Re7 h5 41. Rxg7+ Kh6 42. h4 Bd5 43. Rh7# 1-0

[Event "Open d'Avoine 2017"]
[Site "Avoine"]
[Date "2017.07.22"]
[Round "9.19"]
[White "Doyen, Remi"]
[Black "Giacomini, Hector"]
[Result "0-1"]
[WhiteElo "2135"]
[BlackElo "2226"]
[PlyCount "74"]
[EventDate "2017.??.??"]

1. e4 c6 2. d4 d5 3. e5 c5 4. c4 cxd4 5. Nf3 Nc6 6. Nxd4 e6 7. Nc3 Bc5 8. Nxc6
bxc6 9. Qa4 Ne7 10. Bd3 O-O 11. O-O Rb8 12. Bg5 Qc7 13. Bxe7 Qxe7 14. Qc2 g6
15. Rfe1 f6 16. exf6 Qxf6 17. Re2 Bd4 18. Rc1 Bd7 19. b3 Rf7 20. Kh1 Rbf8 21.
f3 Qg5 22. Rce1 Rf4 23. Nd1 e5 24. cxd5 cxd5 25. Ne3 e4 26. fxe4 Bxe3 27. Rxe3
Rf2 28. Rg3 Qf6 29. Qd1 dxe4 30. Bc4+ Kh8 31. h3 Bc6 32. a4 Rd8 33. Qg4 Kg7 34.
Kh2 Rdd2 35. Ree3 Qe5 36. Qg5 Rxg2+ 37. Kh1 Qa1+ 0-1

[Event "Open d'Avoine 2017"]
[Site "Avoine"]
[Date "2017.07.22"]
[Round "9.20"]
[White "Meunier-Pion, Jean"]
[Black "Kempinski, Andre"]
[Result "1/2-1/2"]
[WhiteElo "2213"]
[BlackElo "1899"]
[PlyCount "213"]
[EventDate "2017.??.??"]

1. d4 e6 2. Nf3 f5 3. Bf4 Nf6 4. e3 c5 5. c3 Qb6 6. Qb3 Qxb3 7. axb3 Nc6 8. Na3
Nd5 9. dxc5 Nxf4 10. exf4 Bxc5 11. b4 Bd6 12. Nc4 Bxf4 13. b5 Ne7 14. g3 Bc7
15. b6 Bb8 16. bxa7 Rxa7 17. Nd6+ Kf8 18. Rxa7 Bxa7 19. Ne5 Bb8 20. Nec4 b6 21.
Be2 Ba6 22. Nxb6 Bxd6 23. Bxa6 Ke8 24. Bb5 Nc6 25. Nc4 Bc7 26. Ke2 Ke7 27. Ra1
Rb8 28. Bxc6 dxc6 29. Ra7 Kd7 {(=)} 30. b4 Rb5 31. f4 Kc8 32. Ra6 Kb7 33. Ra4
Rd5 34. Nd2 e5 35. c4 Rd7 36. Nb3 Re7 37. Nc5+ Kb8 38. fxe5 Bxe5 39. Kf3 Bd4
40. Na6+ Kb7 41. Kf4 g6 42. Ra2 h6 43. Kf3 Re3+ 44. Kg2 Rc3 45. b5 Rxc4 46.
bxc6+ Rxc6 47. Nb4 Rd6 48. Nd3 g5 49. Ne1 Bc3 50. Nf3 Rd1 51. Rc2 Ba5 52. h3 g4
53. Nh4 Rd2+ 54. Rxd2 gxh3+ 55. Kxh3 Bxd2 56. Nxf5 Kc7 57. Kg4 Kd7 58. Kh5 Ke6
59. Nxh6 Kf6 60. g4 Kg7 61. Nf5+ Kh7 62. Kh4 Kg6 63. Kg3 Kg5 64. Kf3 Bc3 65.
Ng3 Be5 66. Ne4+ Kg6 67. Ke3 Ba1 68. Kd3 Be5 69. Ke3 Bb2 70. Nf2 Kg5 71. Kf3
Bd4 72. Nh3+ Kg6 73. Nf4+ Kf7 74. Ke4 Bb2 75. Kf5 Bc1 76. Nd3 Bd2 77. Ne5+ Kg7
78. Nc4 Bc3 79. g5 Bd4 80. Nd6 Bc3 81. Ne8+ Kf7 82. Nc7 Kg7 83. g6 Bb2 84. Ne6+
Kg8 85. Kg5 Bc1+ 86. Kf6 Bb2+ 87. Kf5 Bc3 88. Nc5 Kg7 89. Ne4 Bb2 90. Ng3 Kh6
91. Ne4 Kg7 92. Kg5 Bc1+ 93. Kh5 Bb2 94. Ng3 Bc3 95. Ne4 Bb2 96. Kg5 Bc1+ 97.
Kf5 Bb2 98. Nd6 Bc3 99. Ne8+ Kf8 100. Nf6 Kg7 101. Ne8+ Kh6 102. Nc7 Bb2 103.
Ne6 Bc3 104. Nf4 Bb2 105. Ke6 Kg5 {(=)} 106. Nd3 Kxg6 107. Nxb2 1/2-1/2

[Event "Open d'Avoine 2017"]
[Site "Avoine"]
[Date "2017.07.22"]
[Round "9.21"]
[White "Schmit, Vincent"]
[Black "Ribeiro, Romain"]
[Result "1/2-1/2"]
[WhiteElo "2043"]
[BlackElo "2200"]
[PlyCount "83"]
[EventDate "2017.??.??"]

1. e4 e5 2. Nf3 Nc6 3. Bc4 Nf6 4. d4 exd4 5. O-O Nxe4 6. Re1 d5 7. Bxd5 Qxd5 8.
Nc3 Qh5 9. Nxe4 Be6 10. Bg5 Be7 11. Bxe7 Nxe7 12. Nxd4 Bg4 13. f3 Bd7 14. Qd3
O-O-O 15. Qa3 Nc6 16. Nxc6 Bxc6 17. Qxa7 b6 18. Qa6+ Bb7 19. Qc4 Qg6 20. Rad1
f5 21. Ng3 Qf6 22. Qe6+ Qxe6 23. Rxd8+ Rxd8 24. Rxe6 f4 25. Nh5 g5 26. h4 Rd1+
27. Kh2 gxh4 28. Nxf4 Rd2 29. Re2 Rd4 30. Re8+ Kd7 31. Rd8+ Kxd8 32. Ne6+ Ke7
33. Nxd4 Bc8 34. g3 hxg3+ 35. Kxg3 c5 36. Ne2 Bf5 37. c3 Kd6 38. Kf4 Bb1 39.
Nc1 Kd5 40. Kg5 b5 41. a3 Bc2 42. f4 1/2-1/2

[Event "Open d'Avoine 2017"]
[Site "Avoine"]
[Date "2017.07.22"]
[Round "9.22"]
[White "Travadon, Loic"]
[Black "Perche, Louis"]
[Result "1-0"]
[WhiteElo "2371"]
[BlackElo "1951"]
[PlyCount "51"]
[EventDate "2017.??.??"]

1. e4 c5 2. Nc3 Nc6 3. Bb5 Nd4 4. Bc4 e6 5. Nf3 Qc7 6. d3 Nxf3+ 7. Qxf3 a6 8.
a4 b6 9. Bf4 d6 10. O-O Ne7 11. Qg3 Ng6 12. Be3 Be7 13. f4 Bh4 14. Qf3 Bf6 15.
Ba2 O-O 16. f5 Bxc3 17. bxc3 exf5 18. exf5 Ne5 19. Qg3 Kh8 20. f6 g6 21. Bh6
Re8 22. Rf4 Kg8 23. Bg7 Nd7 24. Qxg6 hxg6 25. Rh4 Nxf6 26. Bxf6 1-0

[Event "Open d'Avoine 2017"]
[Site "Avoine"]
[Date "2017.07.22"]
[Round "9.23"]
[White "Belenkaya, Dina"]
[Black "Dreux, Vincent"]
[Result "1-0"]
[WhiteElo "2323"]
[BlackElo "1947"]
[PlyCount "71"]
[EventDate "2017.??.??"]

1. e4 {[%emt 0:00:00]} c6 {[%emt 0:00:00]} 2. d4 {[%emt 0:00:00]} d5 {
[%emt 0:00:00]} 3. Nc3 {[%emt 0:00:00]} dxe4 {[%emt 0:00:00]} 4. Nxe4 {
[%emt 0:00:04]} Bf5 {[%emt 0:00:00]} 5. Ng3 {[%emt 0:00:00]} Bg6 {
[%emt 0:00:04]} 6. Nf3 {[%emt 0:00:00]} Nd7 {[%emt 0:00:05]} 7. Bd3 {
[%emt 0:00:00]} Bxd3 {[%emt 0:00:00]} 8. Qxd3 {[%emt 0:00:00]} Ngf6 {
[%emt 0:00:04]} 9. O-O {[%emt 0:00:00]} e6 {[%emt 0:00:03]} 10. c4 {
[%emt 0:00:00]} Be7 {[%emt 0:00:04]} 11. Bd2 {[%emt 0:00:00]} O-O {
[%emt 0:00:20]} 12. b4 {[%emt 0:00:07]} Qc7 {[%emt 0:00:11]} 13. Rfe1 {
[%emt 0:00:06]} Rfe8 {[%emt 0:00:00]} 14. a4 Rad8 15. Qc2 a6 16. a5 Bf8 17. Bc3
h6 18. Qa4 Bd6 19. h3 Be7 20. Ne5 Nxe5 21. dxe5 Nh7 22. Re4 Qc8 23. Rg4 Qc7 24.
Ne4 Kh8 25. Nd6 Rg8 26. c5 Rdf8 27. Re1 Qd7 28. Qb3 Rd8 29. Qc4 Rdf8 30. Rh4
Qc7 31. Qe2 g5 32. Re4 Rd8 33. Qg4 Rg6 34. R1e3 Rdg8 35. Rf3 R8g7 36. Nxf7+ 1-0

[Event "Open d'Avoine 2017"]
[Site "Avoine"]
[Date "2017.07.22"]
[Round "9.24"]
[White "Devallee, Jeremie"]
[Black "Primel, Dominique"]
[Result "0-1"]
[WhiteElo "2261"]
[BlackElo "1933"]
[PlyCount "70"]
[EventDate "2017.??.??"]

1. e4 c5 2. Nf3 e6 3. b4 cxb4 4. d4 d5 5. e5 Nc6 6. a3 Bd7 7. axb4 Bxb4+ 8. c3
Be7 9. Bd3 Rc8 10. h4 f6 11. Rh3 Qc7 12. Bf4 f5 13. Rg3 Kf8 14. Kf1 g6 15. Kg1
Kg7 16. Qc1 h5 17. Bxf5 exf5 18. e6 Bd6 19. exd7 Qxd7 20. Bxd6 Qxd6 21. Qb2 Nf6
22. Nbd2 Rc7 23. Ne5 Nxe5 24. dxe5 Qxe5 25. Rxa7 Ng4 26. Rxb7 Rhc8 27. Nf3 Qe7
28. Rxc7 Qxc7 29. Ng5 Kg8 30. Qd2 Qe5 31. f4 Qd6 32. Qa2 Qc5+ 33. Kh1 Qc4 34.
Qxc4 Rxc4 35. Ne6 Re4 0-1

[Event "Open d'Avoine 2017"]
[Site "Avoine"]
[Date "2017.07.22"]
[Round "9.25"]
[White "Marazanof, Jean-Francois"]
[Black "Grimberg, Gilbert"]
[Result "0-1"]
[WhiteElo "1942"]
[BlackElo "2258"]
[PlyCount "64"]
[EventDate "2017.??.??"]

1. e4 e6 2. d4 d5 3. Nd2 Nf6 4. e5 Nfd7 5. Bd3 c5 6. c3 Nc6 7. Ne2 cxd4 8. cxd4
f6 9. exf6 Nxf6 10. Nf3 Bd6 11. Bf4 O-O 12. Bxd6 Qxd6 13. O-O Nh5 14. Nc3 Nf4
15. Rc1 a6 16. Bb1 Rf6 17. Na4 Bd7 18. Nc5 Rb8 19. Ne5 Be8 20. Re1 b6 21. Nxa6
Ra8 22. Qc2 Rh6 23. Nxc6 Ne2+ 24. Kf1 Nxc1 25. Ne5 Bb5+ 26. Kg1 Nd3 27. Nxd3
Qxh2+ 28. Kf1 Bxa6 29. Qc6 Rf8 30. Qxb6 e5 31. Qa5 Qh1+ 32. Ke2 Qxg2 0-1

[Event "Open d'Avoine 2017"]
[Site "Avoine"]
[Date "2017.07.22"]
[Round "9.26"]
[White "Frick, Christoph"]
[Black "Francez, Theo"]
[Result "1-0"]
[WhiteElo "2239"]
[BlackElo "1926"]
[PlyCount "71"]
[EventDate "2017.??.??"]

1. d4 Nf6 2. Bf4 g6 3. e3 Bg7 4. Nf3 d6 5. c3 O-O 6. h3 Nbd7 7. Be2 b6 8. O-O
Bb7 9. Bh2 Ne4 10. Nbd2 c5 11. a4 a6 12. Qb3 Bc6 13. Rfd1 Ndf6 14. Qa2 b5 15.
Nxe4 Nxe4 16. d5 Bd7 17. Bd3 Nf6 18. e4 bxa4 19. e5 Ne8 20. Bc2 Qb6 21. Rd2 Nc7
22. c4 Rfb8 23. Bxa4 Bxa4 24. Qxa4 Ne8 25. Qc2 Qb3 26. Qe4 Rb4 27. Rc1 Rab8 28.
Bf4 Qa2 29. exd6 exd6 30. Re2 Bxb2 31. Bh6 Qa4 32. Rce1 Ng7 33. Qe7 Rxc4 34.
Qxd6 Qb5 35. Re7 Nf5 36. Qxb8+ 1-0